00943nam a2200229 a 4500001001000000003000400010005001700014008004100031040002500072082001900097245006800116260010000184300001600284500008400300590002700384650006200411650005900473910003700532942001400569952011300583999001700696000027639OSt20201105102927.0110404s1935 dr r 000 0 spa d aDO-SdBNPbspacBNPHU 4a630.715bC977e10aCurso elemental de estudios agro-pecuarios por correspondencia. a[Santo Domingo], :bSecretaría de Estado de Trabajo, Agricultura, Industria y Comercioc1935. a1v.c24 cm. aVarios fascículos encuadernados juntos : números 65-93; lección 1 a 29 aInventariado, 2018/ YL 4aAgricultura xEnseñanza zRepública Dominicana977157 4aPecuaria xEnseñanza zRepública Dominicana977158 aValidado. Control de calidad MFF 2ddccLBS1 001050718RVaPDbPDcHDd2011-04-04iLF1l0oxxxx xxxxp27639-10r2020-06-25w2020-06-25y1ZNo se presta c27131d27131